000 00319nam a2200133Ia 4500
008 191201s2003 xx 000 0 und d
082 _a005.72
_bMOF
100 _aMORRISON, Michael
245 0 _aFaster Smarter HTML and XML
260 _aN.Delhi
_bPHI
_c2003
300 _a336
650 _aB.Tech(CSE)
942 _2ddc
_cBK
999 _c1319
_d1319